The millionaire in me : how to remain an employee and still become a millionaire
| Main Author: | |
|---|---|
| Format: | Book |
| Published: |
Petaling Jaya :
True Wealth ,
2004
|
| Subjects: |
MARC
| LEADER | 00000cam a2200000 7i4500 | ||
|---|---|---|---|
| 001 | 0000014013 | ||
| 005 | 20080611.0 | ||
| 008 | 080218 | ||
| 020 | |a 9833364047 | ||
| 090 | 0 | 0 | |a 332.024 |b AZI |
| 100 | 0 | |a Azizi Ali | |
| 245 | 1 | 4 | |a The millionaire in me : |b how to remain an employee and still become a millionaire |c Azizi Ali |
| 260 | |a Petaling Jaya : |b True Wealth , |c 2004 | ||
| 650 | 0 | |a Finance, Personal | |
| 999 | |a 0001023174 |b Book |c Adult Collection |e Perbadanan Perpustakaan Awam Johor | ||